Normal view
MARC view
- Abou Sleiman, Rami,Shami, Vivianne, Farhat, Fadi A
Entry Personal Name
001 - CONTROL NUMBER
- control field: 11658
003 - CONTROL NUMBER IDENTIFIER
- control field: JO-AjAnu
005 - DATE AND TIME OF LATEST TRANSACTION
- control field: 20230606072153.0
008 - FIXED-LENGTH DATA ELEMENTS
- fixed length control field: 230606|| aca||aabn | a|a d
040 ## - CATALOGING SOURCE
- Original cataloging agency: JO-AjAnu
- Transcribing agency: JO-AjAnu
100 ## - HEADING--PERSONAL NAME
- Personal name: Abou Sleiman, Rami,Shami, Vivianne, Farhat, Fadi A
670 ## - SOURCE DATA FOUND
- Source citation: Work cat.: (JO-AjAnu)6006: Abou Sleiman, Rami,Shami, Vivianne, Farhat, Fadi A, author, Francais - Anglais - Arabe : French - English - Arabic : فرنسي - إنكليزي - عربي Dictionnaire Juridique : Juridic Dictionary= المعجم القانوني